Financial analysis of Kurnool district cooperative central bank ltd., Andhra Pradesh (Record no. 291884)
[ view plain ]
| 000 -LEADER | |
|---|---|
| fixed length control field | 00635nam a22001937a 4500 |
| 082 ## - DEWEY DECIMAL CLASSIFICATION NUMBER | |
| Classification number | 380.141 |
| Item number | GAN/FI PG |
| 100 ## - MAIN ENTRY--PERSONAL NAME | |
| Personal name | Gandham Samyuktha |
| 245 ## - TITLE STATEMENT | |
| Title | Financial analysis of Kurnool district cooperative central bank ltd., Andhra Pradesh |
| 260 ## - PUBLICATION, DISTRIBUTION, ETC. (IMPRINT) | |
| Place of publication, distribution, etc | Vellanikkara |
| Name of publisher, distributor, etc | College of Co-operation, Banking and Management |
| Date of publication, distribution, etc | 2024 |
| 300 ## - PHYSICAL DESCRIPTION | |
| Extent | 92,iiip. |
| 502 ## - DISSERTATION NOTE | |
| Dissertation note | MBA |
| 650 ## - SUBJECT ADDED ENTRY--TOPICAL TERM | |
| Topical term or geographic name as entry element | Agribusiness Management |
| 650 ## - SUBJECT ADDED ENTRY--TOPICAL TERM | |
| Topical term or geographic name as entry element | Financial analysis |
| 650 ## - SUBJECT ADDED ENTRY--TOPICAL TERM | |
| Topical term or geographic name as entry element | cooperative central bank |
| 700 ## - ADDED ENTRY--PERSONAL NAME | |
| Personal name | CMA Madhu, A P (Guide) |
| 856 ## - ELECTRONIC LOCATION AND ACCESS | |
| Uniform Resource Identifier | https://krishikosh.egranth.ac.in/handle/1/5810230668 |
| 942 ## - ADDED ENTRY ELEMENTS (KOHA) | |
| Source of classification or shelving scheme | Dewey Decimal Classification |
| Item type | Theses |
| Not for loan | Collection code | Home library | Current library | Shelving location | Date acquired | Full call number | Barcode | Date last seen | Koha item type |
|---|---|---|---|---|---|---|---|---|---|
| Not For Loan | Thesis | KAU Central Library, Thrissur | KAU Central Library, Thrissur | Theses | 21/02/2025 | 380.141 GAN/FI PG | 176280 | 21/02/2025 | Theses |
